|
|
|
|
| LEADER |
00000nam0a2200000 4500 |
| 001 |
35742 |
| 005 |
20231101210325.0 |
| 035 |
|
|
|a (RuTPU)RU\TPU\book\36181
|
| 035 |
|
|
|a BOOK00002833
|
| 090 |
|
|
|a 35742
|
| 100 |
|
|
|a 20011210d1979 k y0rusy50 ca
|
| 101 |
0 |
|
|a rus
|
| 102 |
|
|
|a RU
|
| 105 |
|
|
|a a g 001zy
|
| 200 |
1 |
|
|a Приспособления для металлорежущих станков
|e справочник
|f А. К. Горошкин
|
| 205 |
|
|
|a 7-е изд., перераб. и доп.
|
| 210 |
|
|
|a Москва
|c Машиностроение
|d 1979
|
| 215 |
|
|
|a 303 с.
|c ил.
|
| 606 |
1 |
|
|a Металлорежущие станки
|x Приспособления
|x Конструкция и расчет
|x Стандартизация
|x Точность
|2 stltpush
|3 (RuTPU)RU\TPU\subj\42633
|9 62292
|
| 610 |
1 |
|
|a станочные приспособления
|
| 610 |
1 |
|
|a конструкции
|
| 610 |
1 |
|
|a расчеты
|
| 610 |
1 |
|
|a узлы
|
| 610 |
1 |
|
|a приводы
|
| 610 |
1 |
|
|a элементы
|
| 610 |
1 |
|
|a магнитные закрепления
|
| 610 |
1 |
|
|a вакуумные закрепления
|
| 610 |
1 |
|
|a применение
|
| 610 |
1 |
|
|a справочники
|
| 675 |
|
|
|a 621.9.06-229(035)
|v 3
|
| 700 |
|
1 |
|a Горошкин
|b А. К.
|g Александр Константинович
|
| 801 |
|
0 |
|a RU
|b 63413507
|c 20011210
|g PSBO
|
| 801 |
|
2 |
|a RU
|b 63413507
|c 20221006
|g PSBO
|
| 900 |
|
|
|a Технологическая оснастка
|
| 900 |
|
|
|a Проектирование технологической оснастки
|
| 942 |
|
|
|c BK
|